[Event "EYCC 2017"]
[Site "Mamaia"]
[Date "2017.09.05"]
[Round "1"]
[White "Olariu, Luca-Stefan"]
[Black "Zachary, Matheo"]
[Result "0-1"]
[WhiteElo "1993"]
[BlackElo "2330"]
[Annotator "TA"]
[PlyCount "72"]
[EventDate "2017.??.??"]
[EventType "swiss"]
[EventCountry "ROU"]
[SourceTitle "playchess.com"]
[Source "ChessBase"]
[SourceQuality "1"]

{[%evp 30,72,58,58,57,59,50,61,110,118,142,116,111,107,194,35,50,54,268,66,59,38,47,57,65,15,43,64,88,39,227,210,199,-294,-302,-480,-480,-471,-461,-567,-562,-585,-546,-627,-588]} 1. d4 d5 2. c4 c6 3. Nf3 Nf6 4. Nc3 dxc4 5. a4 Bf5 6. e3 e6 7. Bxc4 Bb4 8. O-O Nbd7 9. Nh4 Bg4 10. f3 Bh5 11. g4 Bg6 12. e4 O-O {D18: Slav Defence: 5 a4 Bf5 6 e3} 13. Nxg6 hxg6 14. g5 Ne8 15. Be3 (15. Kg2 Qe7 16. h4 Nd6 17. Be2 Rfd8 18. Qb3 Ba5 {½-½ (80) Ipatov,A (2612)-Matlakov,M (2694) Montpellier 2015}) 15... Nd6 16. Be2 {LiveBook: 3 Games} e5 17. dxe5 Nxe5 18. Qb3 {[#]} Ba5 $146 ({Predecessor:} 18... Qa5 19. Kh1 Bc5 20. Bf4 {½-½ (34) Peralta,F (2574)-Timman,J (2565) Barcelona 2006}) 19. Rad1 Qc7 20. Bc5 Bb6 21. Qb4 Rfd8 (21... Rad8 $16 {is a better defense.}) 22. a5 $2 ({White should play} 22. Bxb6 $18 Qxb6+ 23. Qxb6 axb6 24. f4) 22... Bxc5+ $14 23. Qxc5 f6 $2 ({Black should try} 23... Ne8 $1 $14) 24. Nd5 $2 (24. gxf6 $18 gxf6 25. f4) 24... Qd7 25. Ne3 $36 {[%mdl 2048] [#] And now gxf6 would win. Black is under pressure.} Qe6 26. gxf6 gxf6 27. Nc2 Kg7 28. Nd4 Qe7 29. f4 Nef7 $2 (29... Nd7 $14 30. Qc2 c5) 30. Bc4 $1 $18 b6 {[#]} 31. Qb4 $4 {[%mdl 8192]} ({Don't go for} 31. axb6 $2 axb6 32. Qxc6 Rdc8 $19) (31. Qa3 $1 $18 {was the only winning move.} Qxe4 32. Ne6+ Kg8 33. Rd4 Nxc4 34. Rxe4 Nxa3 35. Nxd8 Rxd8 36. bxa3) 31... c5 $19 {[%cal Bc6c5,Bc5b4][%mdl 32]} 32. Nc6 (32. Ne6+ $142 Qxe6 33. Bxe6 cxb4 34. axb6) 32... cxb4 {Black is clearly winning.} 33. Nxe7 {aiming for Bd5.} Nxc4 34. Rc1 Nd2 35. Rfd1 Nxe4 36. a6 Nc5 {Precision: White = 33%, Black = 36%.} 0-1

[Event "EYCC 2017"]
[Site "Mamaia"]
[Date "2017.09.05"]
[Round "1"]
[White "Leriche, Ines"]
[Black "Gueci, Tea"]
[Result "0-1"]
[WhiteElo "1991"]
[BlackElo "2200"]
[Annotator "TA"]
[PlyCount "98"]
[EventDate "2017.??.??"]
[EventType "swiss"]
[EventCountry "ROU"]
[SourceTitle "playchess.com"]
[Source "ChessBase"]
[SourceQuality "1"]

{[%evp 19,98,6,7,-13,6,0,11,0,25,26,22,0,31,30,42,42,42,42,42,33,39,30,37,35,28,18,20,22,21,21,21,0,57,8,14,0,11,0,22,21,29,20,38,0,31,25,35,20,19,0,0,-48,-57,-199,-189,-190,-159,-195,0,0,0,0,0,-256,-240,-1293,-1293,-1010,-356,-695,-687,-649,-632,-745,-738,-711,-672,-29988,-29989,-29994,-29995]} 1. d4 d5 2. c4 e6 3. Nc3 c6 4. e3 Nf6 5. Nf3 Nbd7 6. Bd3 dxc4 7. Bxc4 b5 8. Bd3 Bd6 9. O-O O-O 10. Qe2 {D47: Semi-Slav: Meran System} (10. Bd2 Bb7 11. Rc1 Rc8 12. a3 a5 13. e4 e5 14. dxe5 Nxe5 15. Nxe5 Bxe5 16. Qe2 Re8 17. Rfd1 Qe7 {1-0 (57) Sjugirov,S (2664)-Harikrishna,P (2768) Novi Sad 2016}) 10... Bb7 {LiveBook: 3 Games} 11. Bd2 $146 ({Predecessor:} 11. e4 e5 12. dxe5 Nxe5 13. Nxe5 Bxe5 14. Bg5 b4 15. Nd1 h6 16. Be3 Ng4 17. Qxg4 Qxd3 {0-1 (54) Injac,T (2314)-Lemos,D (2480) Graz 2017}) 11... Re8 12. Rac1 {The position is equal.} Rc8 13. Ng5 h6 14. Nge4 Bf8 15. a3 e5 16. Nxf6+ Qxf6 17. Ne4 Qe6 18. Nc5 $1 {[%cal Rc5e6]} Nxc5 19. dxc5 Rcd8 {White must now prevent ...Qd5.} 20. Bb1 Bc8 21. Ba5 Rd7 $1 22. Rfd1 (22. Qc2 {keeps more tension.} g6 23. Rcd1 Rxd1 24. Rxd1 Qg4 25. b4) 22... e4 23. Rxd7 Bxd7 24. Qd2 Bc8 25. b4 Be7 ({Black should try} 25... Qb3 $11) 26. Ba2 Qg6 27. Kh1 h5 28. Bc7 h4 29. h3 Qf5 30. Rd1 g5 31. Qe2 Qg6 32. Bd6 Bf6 $1 33. Rf1 Kg7 34. f3 {Threatens to win with fxe4.} Bf5 35. Qf2 exf3 36. Qxf3 (36. gxf3 $15 Bxh3 37. Bb1) 36... Be4 $19 37. Qg4 Bd3 38. Re1 {[#] next Qd7 is good for White.} Bc3 $2 ({Better is} 38... Qf5 $1 $19 {[%cal Rf5f2] And now ...Qf2 would win.} 39. Qxf5 Bxf5) 39. Qd7 $1 $11 {[%cal Rd7e8]} Re4 $36 {[%mdl 2048] Black is more active.} 40. Rc1 $1 {[%cal Rc1c3]} Bb2 41. Rd1 $2 {[%mdl 8192]} (41. Re1 $11 {and White stays safe.}) 41... Rxe3 $19 42. Qd8 $2 {[#]} (42. Qc8 Kh7 43. Bh2) 42... Rxh3+ $1 {[%mdl 512]} 43. Bh2 {[#]} (43. gxh3 Qe4+) 43... Re3 $2 (43... Qf5 $1 {[%mdl 512] ( -> ...Qe5!)} 44. Be6 fxe6) 44. Bd6 $2 (44. Bg1 Rh3+ 45. Bh2 (45. gxh3 $2 {is a self mate.} Qe4+ 46. Kh2 Be5#)) 44... h3 {[%cal Bh4h3,Bh3g2][%mdl 32]} 45. Qf8+ Kh7 46. Qxf7+ Qxf7 47. Bxf7 Be4 48. Rd2 hxg2+ 49. Kh2 {[#]} Rh3+ $1 {[%mdl 512] Precision: White = 37%, Black = 48%.} 0-1

[Event "EYCC 2017"]
[Site "Mamaia"]
[Date "2017.09.05"]
[Round "1"]
[White "Masague Artero, Guerau"]
[Black "Henderson de La Fuente, Lance"]
[Result "0-1"]
[WhiteElo "1962"]
[BlackElo "2412"]
[Annotator "TA"]
[PlyCount "60"]
[EventDate "2017.??.??"]
[EventType "swiss"]
[EventCountry "ROU"]
[SourceTitle "playchess.com"]
[Source "ChessBase"]
[SourceQuality "1"]

{[%evp 16,60,0,-8,0,0,-7,-13,-12,-44,-52,-77,-25,-27,-20,-22,-19,-19,-20,-27,-22,-24,-20,-19,-27,-22,-26,-79,-74,-75,-83,-115,-109,-163,-160,-160,-150,-154,-154,-694,-683,-679,-659,-991,-913,-1636,-1410]} 1. d4 Nf6 2. c4 e6 3. Nc3 Bb4 4. e3 O-O 5. Nge2 c6 (5... d5 6. a3 Be7 7. cxd5 exd5 8. Nf4 c6 9. Bd3 Na6 10. O-O Nc7 11. Qc2 Bd6 12. f3 Re8 13. Nce2 Qe7 14. Ng3 c5 15. Qf2 b6 16. Bd2 g6 17. dxc5 bxc5 {0-1 (28) Nakamura,H (2787)-Carlsen,M (2853) chess.com INT 2016}) 6. a3 {E46: Nimzo-Indian: Rubinstein: 4 e3 0-0 5 Ne2 without early Bd3} Ba5 7. Ng3 d5 8. cxd5 exd5 9. Bd3 {LiveBook: 5 Games} Bc7 10. O-O Re8 11. b4 Nbd7 12. Qb3 $146 ({Predecessor:} 12. b5 Nf8 13. bxc6 bxc6 {0-1 (30) Kulkarni,V (2093)-Smirnov,P (2588) Mumbai 2015}) 12... Ng4 13. Nce2 Qh4 (13... Nxh2 $17 14. Kxh2 Qh4+ 15. Kg1 Nf6) 14. h3 $11 Nxf2 15. Rxf2 {[#] Black must now prevent Nf5.} Bxg3 $40 {[%mdl 128] Black attacks.} 16. Nxg3 Qxg3 17. e4 {[%cal Be3e4,Be4e5][%mdl 32]} Nf6 18. Bf4 Qh4 19. e5 $1 {[%cal Re5f6]} Ne4 20. Bxe4 dxe4 21. Bg5 (21. Qxf7+ $11 {remains equal.} Kxf7 22. Bg3+ Qf6 23. exf6) 21... Be6 $17 22. Qe3 Qh5 23. g4 Qg6 24. Raf1 (24. Rb2 $17) 24... h6 $19 25. Bh4 a5 26. bxa5 Rxa5 27. Rf6 $2 (27. Rb2 $17) 27... gxf6 {Black is clearly winning.} 28. Rxf6 Qg7 {And now ...Rea8 would win.} 29. Rxh6 {[#] Hoping for Bf6.} Rxa3 $1 {[%mdl 512]} 30. Qc1 (30. Qxa3 Qxh6) 30... Rxh3 {Precision: White = 50%, Black = 76%.} 0-1

[Event "EYCC 2017"]
[Site "Mamaia"]
[Date "2017.09.05"]
[Round "1"]
[White "Wikar, Martyna"]
[Black "Stan, Luciana-Gabriela"]
[Result "1-0"]
[WhiteElo "1950"]
[BlackElo "1510"]
[Annotator "NA RC"]
[PlyCount "73"]
[EventDate "2017.??.??"]
[EventType "swiss"]
[EventCountry "ROU"]
[SourceTitle "playchess.com"]
[Source "ChessBase"]
[SourceQuality "1"]
[TimeControl "40/5400+30:1800+30"]

1. e4 c5 2. Nf3 e6 3. d4 cxd4 4. Nxd4 a6 5. c4 Nf6 6. Nc3 Qc7 7. Be2 Bb4 8. f3 Bxc3+ 9. bxc3 O-O 10. Bg5 Qa5 11. Qd2 d6 12. Nb3 Qc7 13. Rd1 Ne8 14. c5 d5 15. exd5 exd5 16. Bf4 Qc6 17. Qxd5 Qa4 18. Nd4 Qa5 19. Qc4 Bd7 20. O-O Nf6 21. Bg5 Ba4 22. Nb3 Bxb3 23. axb3 Nbd7 24. b4 Qc7 25. Qf4 Qxf4 26. Bxf4 Rfe8 27. Kf2 Ne5 28. Rfe1 Nh5 29. Bxe5 Rxe5 30. Bc4 Rxe1 31. Rxe1 Kf8 32. Bd5 Rb8 33. g3 Nf6 34. c4 h6 35. f4 b5 36. c6 Rc8 37. Bf3 1-0

[Event "EYCC 2017"]
[Site "Mamaia"]
[Date "2017.09.05"]
[Round "1"]
[White "Can, Isil"]
[Black "Hina, Ariza"]
[Result "1-0"]
[WhiteElo "1945"]
[BlackElo "1525"]
[Annotator "NA RC"]
[PlyCount "73"]
[EventDate "2017.??.??"]
[EventType "swiss"]
[EventCountry "ROU"]
[SourceTitle "playchess.com"]
[Source "ChessBase"]
[SourceQuality "1"]
[TimeControl "40/5400+30:1800+30"]

1. e4 {[%emt 0:00:00]} e5 {[%emt 0:00:05]} 2. Nf3 {[%emt 0:00:00]} Nc6 {[%emt 0:00:09]} 3. Bc4 {[%emt 0:00:15]} Nf6 {[%emt 0:00:21]} 4. d3 {[%emt 0:00:12]} Bc5 {[%emt 0:00:09]} 5. Nbd2 {[%emt 0:01:35]} d6 {[%emt 0:00:41]} 6. c3 {[%emt 0:00:19]} O-O {[%emt 0:00:07]} 7. Bb3 {[%emt 0:00:09]} Bg4 {[%emt 0:03:16]} 8. h3 {[%emt 0:05:50]} Bh5 {[%emt 0:00:15]} 9. Nf1 {[%emt 0:00:10]} d5 {[%emt 0:07:43]} 10. Qe2 {[%emt 0:00:22]} dxe4 {[%emt 0:01:07]} 11. dxe4 {[%emt 0:00:09]} Bg6 {[%emt 0:00:19]} 12. Ng3 {[%emt 0:03:05]} Qd7 {[%emt 0:04:06]} 13. O-O {[%emt 0:06:58]} Rad8 {[%emt 0:02:30]} 14. Bc2 {[%emt 0:00:29]} Nh5 {[%emt 0:04:08]} 15. Nxh5 {[%emt 0:01:17]} Bxh5 {[%emt 0:00:09]} 16. g4 {[%emt 0:00:17]} Bg6 {[%emt 0:00:07]} 17. Nh4 {[%emt 0:06:37]} Qe7 {[%emt 0:11:08]} 18. Nf5 {[%emt 0:00:09]} Bxf5 {[%emt 0:01:12]} 19. exf5 {[%emt 0:00:29]} Rfe8 {[%emt 0:02:17]} 20. Be4 {[%emt 0:02:28]} Qd6 {[%emt 0:00:59]} 21. Bg5 {[%emt 0:04:14]} f6 {[%emt 0:00:50]} 22. Bh4 {[%emt 0:02:09]} Qd2 {[%emt 0:08:24]} 23. Qc4+ {[%emt 0:00:46]} Kh8 {[%emt 0:00:38]} 24. Qxc5 {[%emt 0:00:25]} Qxb2 {[%emt 0:07:10]} 25. Rab1 {[%emt 0:09:15]} Qd2 {[%emt 0:01:49]} 26. Rxb7 {[%emt 0:01:18]} Nb8 {[%emt 0:02:07]} 27. Qxc7 {[%emt 0:02:05]} Qh6 {[%emt 0:00:56]} 28. Bg3 {[%emt 0:03:57]} Rc8 {[%emt 0:03:36]} 29. Qf7 {[%emt 0:06:19]} Rf8 {[%emt 0:00:55]} 30. Qe7 {[%emt 0:01:35]} Rce8 {[%emt 0:00:39]} 31. Qb4 {[%emt 0:02:12]} Qxh3 {[%emt 0:09:42]} 32. Bg2 {[%emt 0:00:15]} Qh6 {[%emt 0:00:24]} 33. Rb1 {[%emt 0:00:39]} g6 {[%emt 0:01:49]} 34. fxg6 {[%emt 0:01:36]} Qxg6 {[%emt 0:01:42]} 35. Be4 {[%emt 0:00:29]} Qg5 {[%emt 0:03:30]} 36. Rxh7+ {[%emt 0:00:14]} Kg8 {[%emt 0:00:10]} 37. Qc4+ {[%emt 0:00:16]} 1-0

[Event "EYCC 2017"]
[Site "Mamaia"]
[Date "2017.09.05"]
[Round "1"]
[White "Milikow, Elie"]
[Black "Shapovalovi, Vasiko"]
[Result "1-0"]
[WhiteElo "1939"]
[BlackElo "1459"]
[Annotator "NA RC"]
[PlyCount "147"]
[EventDate "2017.??.??"]
[EventType "swiss"]
[EventCountry "ROU"]
[SourceTitle "playchess.com"]
[Source "ChessBase"]
[SourceQuality "1"]
[TimeControl "40/5400+30:1800+30"]

1. e4 {[%emt 0:00:00]} c5 {[%emt 0:00:06]} 2. Nf3 {[%emt 0:00:00]} Nc6 {[%emt 0:00:07]} 3. d4 {[%emt 0:00:00]} cxd4 {[%emt 0:00:12]} 4. Nxd4 {[%emt 0:00:21]} Nf6 {[%emt 0:00:25]} 5. Nc3 {[%emt 0:00:23]} d6 {[%emt 0:00:10]} 6. Bc4 {[%emt 0:03:28]} e6 {[%emt 0:01:13]} 7. Bb3 {[%emt 0:03:10]} Be7 {[%emt 0:00:47]} 8. O-O {[%emt 0:02:29]} O-O {[%emt 0:02:03]} 9. h3 {[%emt 0:03:05]} a6 {[%emt 0:01:58]} 10. Re1 {[%emt 0:05:06]} Qc7 {[%emt 0:02:22]} 11. Nxc6 {[%emt 0:04:51]} bxc6 {[%emt 0:01:38]} 12. Bf4 {[%emt 0:02:24]} e5 {[%emt 0:04:10]} 13. Bh2 {[%emt 0:02:09]} Be6 {[%emt 0:01:30]} 14. Qe2 {[%emt 0:01:23]} a5 {[%emt 0:02:48]} 15. Kh1 {[%emt 0:04:22]} Rad8 {[%emt 0:04:56]} 16. f4 {[%emt 0:05:27]} Bxb3 {[%emt 0:05:26]} 17. axb3 {[%emt 0:00:40]} exf4 {[%emt 0:04:43]} 18. Bxf4 {[%emt 0:00:28]} Nd7 {[%emt 0:03:24]} 19. Qf2 {[%emt 0:04:58]} Ne5 {[%emt 0:01:55]} 20. Ra2 {[%emt 0:03:02]} Ra8 {[%emt 0:07:47]} 21. Rea1 {[%emt 0:01:09]} Ra6 {[%emt 0:02:16]} 22. Qe2 {[%emt 0:05:06]} Rfa8 {[%emt 0:01:13]} 23. Nd1 {[%emt 0:01:36]} Bf6 {[%emt 0:02:16]} 24. Bd2 {[%emt 0:01:10]} R6a7 {[%emt 0:05:08]} 25. Qe1 {[%emt 0:04:24]} Bd8 {[%emt 0:00:17]} 26. Be3 {[%emt 0:02:52]} Ra6 {[%emt 0:00:34]} 27. Qe2 {[%emt 0:01:45]} h6 {[%emt 0:02:18]} 28. b4 {[%emt 0:02:04]} Qb7 {[%emt 0:04:46]} 29. Bd2 {[%emt 0:02:55]} a4 {[%emt 0:06:51]} 30. b3 a3 {[%emt 0:05:34]} 31. c3 {[%emt 0:03:10]} c5 {[%emt 0:05:10]} 32. b5 {[%emt 0:01:08]} R6a7 {[%emt 0:03:38]} 33. Bc1 {[%emt 0:00:56]} Bg5 {[%emt 0:04:29]} 34. Rxa3 {[%emt 0:06:31]} Rxa3 {[%emt 0:01:55]} 35. Bxa3 {[%emt 0:01:19]} Ra5 {[%emt 0:00:58]} 36. b4 {[%emt 0:03:51]} cxb4 {[%emt 0:03:33]} 37. cxb4 {[%emt 0:00:25]} Rxb5 {[%emt 0:01:26]} 38. Nc3 {[%emt 0:01:28]} Rxb4 {[%emt 0:02:31]} 39. Bxb4 {[%emt 0:00:33]} Qxb4 {[%emt 0:00:07]} 40. Nd5 {[%emt 0:00:00]} Qc4 {[%emt 0:01:04]} 41. Qxc4 {[%emt 0:02:12]} Nxc4 {[%emt 0:00:03]} 42. Ra4 {[%emt 0:02:23]} Ne3 {[%emt 0:01:38]} 43. h4 {[%emt 0:03:13]} Nxd5 {[%emt 0:00:58]} 44. hxg5 {[%emt 0:00:29]} Nc7 {[%emt 0:00:55]} 45. gxh6 {[%emt 0:01:02]} gxh6 {[%emt 0:00:20]} 46. Kh2 {[%emt 0:01:49]} Kg7 {[%emt 0:00:52]} 47. Kg3 {[%emt 0:00:25]} Kf6 {[%emt 0:01:03]} 48. Kf4 {[%emt 0:00:24]} Ne6+ {[%emt 0:02:14]} 49. Ke3 {[%emt 0:00:28]} Nc5 {[%emt 0:01:01]} 50. Rd4 {[%emt 0:00:44]} Nb7 {[%emt 0:03:45]} 51. Rd5 {[%emt 0:00:43]} Kg6 {[%emt 0:00:33]} 52. Rb5 {[%emt 0:00:10]} Nd8 {[%emt 0:02:42]} 53. Rb6 {[%emt 0:00:20]} f6 {[%emt 0:00:16]} 54. Rxd6 {[%emt 0:00:41]} Nf7 {[%emt 0:00:04]} 55. Rd5 {[%emt 0:01:10]} Ne5 {[%emt 0:00:30]} 56. Kf4 {[%emt 0:02:16]} Nf7 {[%emt 0:01:04]} 57. Rd7 {[%emt 0:01:48]} Ne5 {[%emt 0:01:01]} 58. Rd6 {[%emt 0:00:41]} Nf7 {[%emt 0:00:24]} 59. Re6 {[%emt 0:00:39]} Ng5 {[%emt 0:01:13]} 60. Re7 {[%emt 0:01:41]} Nf7 {[%emt 0:01:20]} 61. g4 {[%emt 0:02:25]} Ng5 {[%emt 0:00:47]} 62. e5 {[%emt 0:00:40]} fxe5+ {[%emt 0:01:01]} 63. Rxe5 {[%emt 0:00:43]} Nh3+ {[%emt 0:00:35]} 64. Kg3 {[%emt 0:00:22]} Ng5 {[%emt 0:00:12]} 65. Ra5 {[%emt 0:00:49]} Nf7 {[%emt 0:01:29]} 66. Kf4 {[%emt 0:01:00]} Kg7 {[%emt 0:00:59]} 67. Ra7 {[%emt 0:00:37]} Kg6 {[%emt 0:00:41]} 68. Ra6+ {[%emt 0:00:18]} Kg7 {[%emt 0:00:13]} 69. Kf5 {[%emt 0:00:14]} h5 {[%emt 0:08:53]} 70. g5 {[%emt 0:01:43]} h4 {[%emt 0:00:40]} 71. Ra7 {[%emt 0:00:13]} h3 {[%emt 0:00:25]} 72. g6 {[%emt 0:00:09]} h2 {[%emt 0:00:42]} 73. Rxf7+ {[%emt 0:00:09]} Kg8 {[%emt 0:00:11]} 74. Rh7 {[%emt 0:00:07]} 1-0

[Event "EYCC 2017"]
[Site "Mamaia"]
[Date "2017.09.05"]
[Round "1"]
[White "O`Gorman, Alice"]
[Black "Balajayeva, Khanim"]
[Result "1/2-1/2"]
[WhiteElo "1919"]
[BlackElo "2282"]
[Annotator "TA"]
[PlyCount "85"]
[EventDate "2017.??.??"]
[EventType "swiss"]
[EventCountry "ROU"]
[SourceTitle "playchess.com"]
[Source "ChessBase"]
[SourceQuality "1"]

{[%evp 16,85,48,41,56,58,109,62,102,91,95,110,125,23,19,16,16,-10,-12,-31,-17,-32,-20,-46,-11,-66,0,0,41,-12,-8,-26,-18,-29,-29,-32,-37,-39,-15,-30,0,0,0,-10,18,0,39,0,65,38,10,0,65,41,267,287,273,276,259,152,246,220,623,606,647,-674,-646,-608,-617,-578,547,555]} 1. e4 e5 2. Nf3 Nc6 3. Bc4 Nf6 4. d3 Bc5 5. O-O O-O 6. c3 d5 7. exd5 Nxd5 8. Re1 Bg4 9. h3 {LiveBook: 100 Games. C54: Giuoco Piano: 4 c3 Nf6, main lines with 5 d4 and 5 d3} Bxf3 (9... Bh5 10. b4 Bb6 11. b5 Na5 12. Rxe5 Nf6 13. Nbd2 Re8 14. Rxe8+ Qxe8 15. a4 Bxf3 16. gxf3 Rd8 {½-½ (35) Vovk,A (2641)-Hracek,Z (2594) Hungary 2016}) 10. Qxf3 Nde7 (10... Nb6 $14) 11. Bg5 {White is better.} Qd7 $146 ({Predecessor:} 11... a6 12. Re4 b5 13. Bb3 Kh8 14. Rh4 f6 15. Rxh7+ Kxh7 16. Qh5# {1-0 (16) Pernas,A (1796)-Van der Lingen,C Maribor 2012}) 12. Nd2 Kh8 13. Ne4 ({Wrong is} 13. Bxf7 $2 Ng6 $19) 13... Bd6 14. Re3 ({Don't blunder} 14. Bxf7 $2 Ng6 $19) (14. Nf6 $16 Qc8 15. b4) 14... f5 $11 15. Nxd6 cxd6 16. Bxe7 Nxe7 17. Rae1 Rae8 18. Bb3 Ng6 19. Bd5 Qb5 (19... e4 $5 20. Qd1 (20. dxe4 f4 $15) 20... Ne5 $11) 20. b3 (20. Bb3 $11) 20... f4 (20... Nh4 $15 21. Qh5 Qxd5 22. Qxh4 f4) 21. c4 Qb6 22. R3e2 ({Better is} 22. Re4 $14) 22... Nh4 $1 {[%cal Rh4f3]} 23. Qh5 (23. Qg4 $5 {[%cal Rg4h4]} Nf5 24. Rb2 $15) 23... Nf5 24. Be4 g6 25. Qg4 Nd4 26. Rb2 Qc7 27. b4 b6 28. a4 {[%cal Ba2a4,Ba4a5][%mdl 32]} Rf6 29. Ra1 h5 30. Qd1 Qd7 (30... f3 $5) 31. Kh2 Rc8 (31... a6 $11) 32. a5 b5 33. Rc1 f3 (33... Re8 $11) 34. cxb5 $1 $14 Rxc1 $2 {[#]} (34... fxg2 $14 35. Rxc8+ Qxc8) 35. Qxc1 $18 {Black must now prevent b6.} d5 36. Qh6+ Kg8 37. Bxf3 ({White should try} 37. Bxg6 $18 Qg7 38. Qxg7+ Kxg7 39. Bxh5) 37... Nxf3+ (37... e4 $16) 38. gxf3 {KQR-KQR} Qe6 $2 {[#]} (38... Qxb5 39. Qg5 Re6) 39. Rc2 Rxf3 40. Rc8+ $4 {[%mdl 8192]} (40. Kg1 $18) 40... Qxc8 $19 41. Qxg6+ Kf8 42. Qd6+ Ke8 $4 {[%mdl 8192]} (42... Kg7 $19 43. Qxe5+ Kg6 44. Qd6+ Rf6 45. Qxd5 Rxf2+ 46. Kg3 Rf6) 43. Qxe5+ {[%mdl 32768] Precision: White = 31%, Black = 28%. . An unexpected result.} 1/2-1/2

[Event "EYCC 2017"]
[Site "Mamaia"]
[Date "2017.09.05"]
[Round "1"]
[White "Rollot, Florence"]
[Black "Afonasieva, Anna"]
[Result "0-1"]
[WhiteElo "1910"]
[BlackElo "2263"]
[Annotator "TA"]
[PlyCount "92"]
[EventDate "2017.??.??"]
[EventType "swiss"]
[EventCountry "ROU"]
[SourceTitle "playchess.com"]
[Source "ChessBase"]
[SourceQuality "1"]

{[%evp 19,91,-9,-9,-7,-7,-68,-61,-104,-94,-94,-104,-100,-77,-99,-71,-78,-70,-97,-85,-101,-58,-52,-15,-68,-58,-72,-26,-64,-6,-6,0,0,15,0,8,15,152,29,32,34,27,12,17,0,13,0,4,-105,-106,-133,-80,-243,-237,-487,-479,-609,-595,-587,-587,-624,-621,-585,-587,-572,-577,-610,-604,-693,-679,-644,-639,-759,-755,-29999]} 1. Nf3 Nf6 2. c4 g6 3. g3 Bg7 4. Bg2 O-O 5. O-O c6 6. Nc3 d5 7. cxd5 cxd5 8. d4 Nc6 9. Qb3 Ne4 10. Rd1 Nxc3 {LiveBook: 8 Games} 11. Qxc3 {D79: Fianchetto Grünfeld: Symmetrical Variation (6 0-0 c6 7 cxd5 cxd5)} (11. bxc3 Na5 12. Qb4 Bf5 13. Ba3 Nc4 14. Nd2 Nxa3 15. Qxa3 b6 16. e3 Bg4 17. Rdc1 e5 18. Rab1 Be6 {½-½ (98) Pham,L (2393)-Harika,D (2503) Istanbul 2012}) 11... Bg4 12. h3 $146 (12. Be3 $11) ({Find the theoretical novelty and annotate with similar games:} 12. Be3 Bxf3 13. Bxf3 e6 14. Kg2 Qb6 15. Rac1 Rfc8 16. Qd2 a5 17. Rc3 a4 18. Rdc1 Re8 {½-½ (57) Wieser,A (2107)-Jicman,L (2166) Graz 2014}) 12... Bxf3 $1 $15 13. Bxf3 {[#]Black is slightly better.} Rc8 $1 14. Qb3 Nxd4 15. Qxb7 Rc7 16. Qa6 Nxf3+ 17. exf3 Qd7 18. Kg2 Rfc8 19. Rb1 Qf5 20. Bd2 Rc2 21. b3 (21. Qb7 $11) 21... Bd4 22. g4 $1 {[%cal Rg4f5]} Qd7 {aiming for ...Qc7.} (22... Qe6 $5 {[%cal Re6a6]} 23. Qd3 Bb6 $17) 23. Qd3 Bb6 (23... e5 $15 24. a4 Bb2) 24. a4 $11 a5 25. Rbc1 Qc6 26. Qa6 Rb8 {[#]} 27. Be3 $1 {[%mdl 512] And now Rxc2 would win.} d4 {[#]} (27... Rxc1 $1 $11 28. Rxc1 Qd6) (27... Bxe3 28. Qxc6) 28. Bf4 ({Only move:} 28. Rxc2 $1 $16 Qxc2 29. Rc1 Qxb3 30. Bf4) 28... d3 $1 29. Qxd3 Rxf2+ 30. Kg3 Qb7 31. Qd5 Re2 {Threatens to win with ...Bf2+.} (31... Ra2 $5 {[%cal Rb6f2]} 32. Qxb7 Rxb7 $11) 32. Qxb7 Rxb7 33. Rf1 (33. Rd2 $11 {keeps the balance.} Rxd2 34. Bxd2) 33... f6 $36 {[%mdl 2048] ...g5 is the strong threat. Black is on the roll.} 34. h4 Kg7 (34... Bd4 $142 35. Rc8+ Kf7) 35. Rfd1 $2 (35. Rc3 $17) 35... Bf2+ $19 36. Kg2 $2 (36. Kh3) 36... Be3+ 37. Kf1 Rf2+ ({Weaker is} 37... Bxf4 38. Kxe2 Bxc1 39. Rxc1 $15) 38. Ke1 Bxc1 ({Stronger than} 38... Bxf4 39. Kxf2 Bxc1 40. Rxc1 $11) 39. Kxf2 Bxf4 {[%mdl 4096] Endgame KRB-KR} 40. Rd5 Bc7 41. Rd3 Bd6 42. Ke3 Kf7 43. Kd4 Ke6 44. Re3+ Kd7 45. Kd5 Rb4 46. Rc3 e6# {Precision: White = 40%, Black = 52%.} 0-1

[Event "EYCC 2017"]
[Site "Mamaia"]
[Date "2017.09.05"]
[Round "1"]
[White "Mircheva, Nona"]
[Black "Rozman, Monika"]
[Result "0-1"]
[WhiteElo "1906"]
[BlackElo "2082"]
[Annotator "NA RC"]
[PlyCount "60"]
[EventDate "2017.??.??"]
[EventType "swiss"]
[EventCountry "ROU"]
[SourceTitle "playchess.com"]
[Source "ChessBase"]
[SourceQuality "1"]
[TimeControl "40/5400+30:1800+30"]

1. e4 {[%emt 0:00:00]} c5 {[%emt 0:00:04]} 2. Nf3 {[%emt 0:00:00]} d6 {[%emt 0:00:04]} 3. d4 {[%emt 0:00:04]} cxd4 {[%emt 0:00:06]} 4. Nxd4 {[%emt 0:00:08]} Nf6 {[%emt 0:00:05]} 5. Nc3 {[%emt 0:00:19]} a6 {[%emt 0:00:05]} 6. Bg5 {[%emt 0:01:05]} e6 {[%emt 0:05:25]} 7. f4 {[%emt 0:00:32]} Be7 {[%emt 0:01:08]} 8. Qf3 {[%emt 0:00:52]} Qc7 {[%emt 0:08:30]} 9. O-O-O {[%emt 0:03:55]} Nc6 {[%emt 0:01:09]} 10. Nb3 {[%emt 0:04:30]} O-O {[%emt 0:05:30]} 11. g4 {[%emt 0:04:33]} b5 {[%emt 0:05:20]} 12. h4 {[%emt 0:08:06]} Bb7 {[%emt 0:03:02]} 13. Bxf6 {[%emt 0:15:37]} Bxf6 {[%emt 0:01:44]} 14. g5 {[%emt 0:00:08]} Be7 {[%emt 0:00:56]} 15. h5 {[%emt 0:06:36]} b4 {[%emt 0:01:41]} 16. Ne2 {[%emt 0:03:43]} Rac8 {[%emt 0:03:05]} 17. Rd2 {[%emt 0:05:21]} d5 {[%emt 0:14:05]} 18. Ng3 {[%emt 0:05:52]} a5 {[%emt 0:08:56]} 19. Bb5 {[%emt 0:07:13]} a4 {[%emt 0:08:06]} 20. Bxa4 {[%emt 0:01:10]} Ra8 {[%emt 0:01:39]} 21. Bxc6 {[%emt 0:02:48]} Qxc6 {[%emt 0:01:31]} 22. Kb1 {[%emt 0:04:15]} dxe4 {[%emt 0:05:17]} 23. Qe3 {[%emt 0:02:08]} Rfc8 {[%emt 0:01:32]} 24. h6 {[%emt 0:10:45]} Qa4 {[%emt 0:02:19]} 25. Rd4 {[%emt 0:01:43]} Qxa2+ {[%emt 0:03:47]} 26. Kc1 {[%emt 0:00:04]} Ra3 {[%emt 0:02:16]} 27. Rd7 {[%emt 0:02:38]} Rxb3 {[%emt 0:03:32]} 28. Qd4 {[%emt 0:01:06]} Bf6 {[%emt 0:01:08]} 29. gxf6 {[%emt 0:01:08]} Rd3 {[%emt 0:00:15]} 30. Qxd3 {[%emt 0:03:14]} exd3 {[%emt 0:00:12]} 0-1